Los 80 conceptos esenciales de marketing de la A a la Z
Saved in:
| Main Author: | |
|---|---|
| Format: | Book |
| Language: | Spanish |
| Published: |
Madrid
Pearson-Prentice Hall
2003
|
| Subjects: | |
| Tags: |
Add Tag
No Tags, Be the first to tag this record!
|
MARC
| LEADER | 00000nam a2200000 a 4500 | ||
|---|---|---|---|
| 001 | UCI9367 | ||
| 003 | CL-VaPUC | ||
| 008 | 081113e20030000SP |||||||||||||||||spa|d | ||
| 020 | |a 8420540110 | ||
| 082 | 0 | 4 | |a 658.8 |b KOT |2 21 |
| 100 | |a Kotler, Philip |e author |9 578348 | ||
| 245 | 1 | 4 | |a Los 80 conceptos esenciales de marketing de la A a la Z |
| 300 | |a 179 p | ||
| 942 | |c BK | ||
| 945 | |d 20081113 00:00:00 |a rbrito | ||
| 260 | |a Madrid |b Pearson-Prentice Hall |c 2003 | ||
| 650 | 0 | |a Marketing |9 259324 | |
| 583 | |a last modification |c 20081113 00:00:00 |k Rodrigo Vera | ||
| 999 | |c 331925 |d 331923 | ||
| 952 | |0 0 |1 0 |4 0 |6 658_800000000000000_KOT_2003 |7 0 |8 A |9 419163 |a BIBCUR |b BIBCUR |d 2019-11-22 |i 4495888 |o 658.8 KOT 2003 |p 4495888 |r 2025-04-22 |w 2019-11-22 |y BK |k MGC | ||